Adaptace pracovníků a pracovních kolektívů

Na minha lista:
Detalhes bibliográficos
Autor principal: Rymeš, Milan
Formato: Livro
Idioma:tcheco
Publicado em: Praha Svoboda 1985
Tags: Adicionar Tag
Sem tags, seja o primeiro a adicionar uma tag!

MARC

LEADER 00000nam a2200000 4500
001 c105367
005 20230105083744.8
041 0 |a cze 
044 |a CZ 
245 1 0 |a Adaptace pracovníků a pracovních kolektívů  |c Milan Rymeš 
264 1 |a Praha  |b Svoboda  |c 1985 
300 |a 120 s. 
100 1 |a Rymeš, Milan